[Event "Campo Grande Brasil op"]
[Site "Campo Grande"]
[Date "2015.10.12"]
[Round "6"]
[White "Davalos, Danny Ramires"]
[Black "Souza dos Santos, Matheus Garcett"]
[Result "1/2-1/2"]
[WhiteElo "1779"]
[BlackElo "1942"]
[PlyCount "92"]
[EventDate "2015.10.09"]
[EventType "swiss"]
[EventRounds "7"]
[EventCountry "BRA"]
[SourceTitle "CBM 168 Extra"]
[Source "ChessBase"]
[SourceDate "2015.10.29"]
[SourceVersion "1"]
[SourceVersionDate "2015.10.29"]
[SourceQuality "1"]

1. e4 c5 2. Nf3 d6 3. Nc3 Nf6 4. Bc4 e6 5. d3 a6 6. a4 Nc6 7. Bg5 Be7 8. 0-0 0-0 9. h3 Qc7 10. Bf4 Bd7 11. Re1 Rfb8 12. Qd2 Na5 13. Ba2 b5 14. e5 Ne8 15. exd6 Bxd6 16. Bxd6 Nxd6 17. Ne5 b4 18. Ne4 Nxe4 19. Rxe4 Bc6 20. Nxc6 Nxc6 21. Bc4 Rd8 22. Qg5 Qe7 23. Qh5 a5 24. Rh4 h6 25. Rg4 Rd4 26. f4 Kh8 27. Re1 Rxc4 28. dxc4 Ra7 29. Rg5 e5 30. Rgxe5 Nxe5 31. Rxe5 Qf6 32. Re8+ Kh7 33. Qxc5 Rd7 34. Qe5 Qg6 35. Qe4 f5 36. Qe6 Qxe6 37. Rxe6 Rd2 38. Re5 Rxc2 39. Rxa5 Rxb2 40. Rxf5 Rc2 41. Rb5 Rxc4 42. f5 b3 43. a5 Ra4 44. Rxb3 Rxa5 45. g4 Ra2 46. Rb7 Kg8 1/2-1/2

[Event "Campo Grande Brasil op"]
[Site "Campo Grande"]
[Date "2015.10.12"]
[Round "7"]
[White "Farias, Jose Nogueira de"]
[Black "Davalos, Danny Ramires"]
[Result "1/2-1/2"]
[WhiteElo "1948"]
[BlackElo "1779"]
[PlyCount "80"]
[EventDate "2015.10.09"]
[EventType "swiss"]
[EventRounds "7"]
[EventCountry "BRA"]
[SourceTitle "CBM 168 Extra"]
[Source "ChessBase"]
[SourceDate "2015.10.29"]
[SourceVersion "1"]
[SourceVersionDate "2015.10.29"]
[SourceQuality "1"]

1. e4 e5 2. Nf3 Nc6 3. Bb5 Nge7 4. c3 a6 5. Bc4 Na5 6. Nxe5 Nxc4 7. Nxc4 d5 8. exd5 Qxd5 9. Ne3 Qg5 10. d4 g6 11. Nd2 Bg7 12. Nf3 Qf6 13. 0-0 0-0 14. Qb3 b5 15. Nd5 Qd6 16. Nxe7+ Qxe7 17. Bg5 Bf6 18. Bxf6 Qxf6 19. Qd5 Rb8 20. Qe5 Qd8 21. Rfe1 Bb7 22. Nd2 Qd7 23. Ne4 Bxe4 24. Qxe4 Rfe8 25. Qf3 b4 26. h3 Qa4 27. Rxe8+ Rxe8 28. cxb4 Qxb4 29. Qc3 Qb6 30. b3 Re2 31. Kf1 Re4 32. Rd1 Qd6 33. Qd3 Re7 34. Re1 Rxe1+ 35. Kxe1 c5 36. d5 Qe5+ 37. Kd2 Qb2+ 38. Ke3 Qe5+ 39. Kf3 Qf6+ 40. Kg3 Qd6+ 1/2-1/2